| 000 | 00512nam a2200217Ia 4500 | ||
|---|---|---|---|
| 003 | OSt | ||
| 005 | 20231120110327.0 | ||
| 008 | 210210b1911 xxu||||| |||| 00| 0 eng d | ||
| 040 | _cAL | ||
| 041 | _aeng | ||
| 082 | _a444/481 | ||
| 100 |
_aLOTI (Pierre) _9142290 |
||
| 245 | _aPecheur d islande | ||
| 260 |
_aLondon _bOxford University Press _c1911 |
||
| 650 |
_aPecheur _9142291 |
||
| 650 |
_aislande _9142292 |
||
| 650 |
_ad _9142293 |
||
| 690 |
_aFrench _9142294 |
||
| 906 | _a006676 | ||
| 942 |
_2ddc _cBK |
||
| 999 |
_c129666 _d129666 |
||